[Event "Titled Tuesday intern op 2nd May"]
[Site "Chess.com INT"]
[Date "2017.05.02"]
[Round "10"]
[White "Milanovic, Vojislav"]
[Black "Osinovsky, Stepan"]
[Result "0-1"]
[WhiteElo "2293"]
[BlackElo "2241"]
[PlyCount "122"]
[EventDate "2017.05.02"]
[EventType "swiss (blitz)"]
[EventRounds "10"]
[EventCountry "USA"]
[SourceTitle "EXT 2021"]
[Source "ChessBase"]
[SourceDate "2020.10.23"]
[SourceVersion "1"]
[SourceVersionDate "2020.10.23"]
[SourceQuality "1"]

1. Nf3 Nf6 2. c4 g6 3. d4 Bg7 4. Nc3 0-0 5. Bg5 h6 6. Bh4 c5 7. e3 cxd4 8. Nxd4 Nc6 9. Be2 d5 10. 0-0 Nxd4 11. exd4 dxc4 12. Bxc4 a6 13. a4 Qb6 14. Qd2 Bf5 15. a5 Qb4 16. Ra4 Qd6 17. Bg3 Qd7 18. d5 Ne4 19. Nxe4 Qxa4 20. b3 Qa3 21. Re1 Rad8 22. h3 Rd7 23. Bf4 Rfd8 24. Ng3 e6 25. Nxf5 exf5 26. Bxh6 Bxh6 27. Qxh6 Qxa5 28. Qe3 b5 29. Bf1 Rxd5 30. h4 Qd2 31. Qe7 R5d7 32. Qe5 Qd4 33. Qe2 Qxh4 34. g3 Qd4 35. Bg2 Qb4 36. Qe5 Qxe1+ 37. Qxe1 Rd1 38. Qxd1 Rxd1+ 39. Kh2 Rd2 40. Kg1 Rd3 41. Bb7 Rxb3 42. Bxa6 Kf8 43. Kf1 Ke7 44. Ke2 Kd6 45. Kd2 Rb2+ 46. Ke3 Kc5 47. Bc8 b4 48. Bd7 b3 49. Be8 Rc2 50. Bxf7 b2 51. Ba2 Rc1 52. Kf4 b1Q 53. Bxb1 Rxb1 54. Kg5 Rf1 55. f4 Kd4 56. Kxg6 Ke4 57. Kg5 Rg1 58. Kh4 Kf3 59. Kg5 Rxg3+ 60. Kxf5 Rg4 61. Ke5 Rxf4 0-1

[Event "Internet Section 10B g/8'+2\""]
[Site "Dos Hermanas"]
[Date "2004.03.11"]
[Round "6"]
[White "Damaso, Rui"]
[Black "Milanovic, Vojislav"]
[Result "1-0"]
[WhiteElo "2460"]
[BlackElo "2300"]
[PlyCount "95"]
[EventDate "2004.03.10"]
[EventType "swiss (blitz)"]
[EventRounds "9"]
[EventCountry "ESP"]
[SourceTitle "EXT 2005"]
[Source "ChessBase"]
[SourceDate "2004.11.15"]
[SourceVersion "1"]
[SourceVersionDate "2004.11.15"]
[SourceQuality "1"]

1. e4 e5 2. Nf3 Nc6 3. Bb5 f5 4. Nc3 Nf6 5. exf5 e4 6. Ng5 d5 7. d3 Bxf5 8. dxe4 dxe4 9. Qe2 Qe7 10. Be3 h6 11. Bxc6+ bxc6 12. Qc4 Bd7 13. Ngxe4 Nxe4 14. Nxe4 Rb8 15. Bc5 Qe6 16. Qxe6+ Bxe6 17. 0-0-0 Kf7 18. Bxf8 Rhxf8 19. Nc5 Rbe8 20. Rhe1 Bd5 21. f3 g5 22. b3 Rxe1 23. Rxe1 Re8 24. Rxe8 Kxe8 25. Kd2 Ke7 26. c4 Bf7 27. Ke3 Bg6 28. g3 Bb1 29. a3 Ba2 30. f4 gxf4+ 31. Kxf4 Bb1 32. Ke5 Ba2 33. Kd4 Bb1 34. Nd3 Kd6 35. c5+ Ke6 36. Ne5 Ba2 37. Nxc6 Bxb3 38. Nxa7 Ba4 39. Kc3 Kd5 40. Kb4 Bd7 41. Nb5 c6 42. Nd6 Bg4 43. a4 Be2 44. Nf5 h5 45. Ne7+ Ke4 46. Nxc6 Kf3 47. Nd4+ Ke3 48. Nxe2 1-0

[Event "Internet Section 10B g/8'+2\""]
[Site "Dos Hermanas"]
[Date "2004.03.11"]
[Round "3"]
[White "Milanovic, Vojislav"]
[Black "Jaracz, Pawel"]
[Result "1-0"]
[WhiteElo "2300"]
[BlackElo "2542"]
[PlyCount "59"]
[EventDate "2004.03.10"]
[EventType "swiss (blitz)"]
[EventRounds "9"]
[EventCountry "ESP"]
[SourceTitle "EXT 2005"]
[Source "ChessBase"]
[SourceDate "2004.11.15"]
[SourceVersion "1"]
[SourceVersionDate "2004.11.15"]
[SourceQuality "1"]

1. e4 c5 2. Nf3 e6 3. d3 d5 4. Nbd2 Nf6 5. g3 Be7 6. Bg2 Nc6 7. 0-0 b5 8. Re1 0-0 9. e5 Nd7 10. Nf1 a5 11. h4 b4 12. Bf4 Ba6 13. h5 a4 14. h6 g6 15. N1h2 Nd4 16. Ng4 Rc8 17. c3 bxc3 18. bxc3 Nxf3+ 19. Qxf3 Rb8 20. Rab1 Qa5 21. Rxb8 Rxb8 22. Nf6+ Bxf6 23. exf6 Rc8 24. Rxe6 Nf8 25. Re7 Qxc3 26. Qxd5 Qxf6 27. Bg5 Qf5 28. Qxf5 gxf5 29. Bd5 Ng6 30. Rxf7 1-0

[Event "Internet Section 08A g/8'+2\""]
[Site "Dos Hermanas"]
[Date "2004.03.08"]
[Round "1"]
[White "Milanovic, Vojislav"]
[Black "Bongers, Erik"]
[Result "1-0"]
[WhiteElo "2300"]
[BlackElo "2099"]
[PlyCount "45"]
[EventDate "2004.03.08"]
[EventType "swiss (blitz)"]
[EventRounds "9"]
[EventCountry "ESP"]
[SourceTitle "CBM 099 Extra"]
[Source "ChessBase"]
[SourceDate "2004.05.04"]
[SourceVersion "1"]
[SourceVersionDate "2004.05.04"]
[SourceQuality "1"]

1. e4 c5 2. Nf3 d6 3. Bb5+ Nc6 4. 0-0 e5 5. c3 Bd7 6. d3 Be7 7. Nbd2 Nf6 8. Re1 0-0 9. Nf1 Rc8 10. Ng3 g6 11. a3 h5 12. Bh6 Re8 13. h3 Bf8 14. Bg5 Be7 15. Bc4 Rf8 16. Bh6 Re8 17. Ng5 d5 18. exd5 Na5 19. d6 Bxd6 20. Nxf7 Qc7 21. Nxd6+ Nxc4 22. Nxc4 Kh7 23. Bg5 1-0